00555nam a2200169Ia 4500008004100000100002300041245006800064245002300132260005900155260000900214300001100223650001800234650001500252856002600267999001900293952007300312170221s9999 xx 000 0 und d aTseganesh Mulugeta aMedia Coverage of Child Abuse and Child Protection in Ethiopia  cTseganesh Mulugeta bOnline Journal of Communication and Media Technologies c2013 a33 : 1 xCommunication xMedia Arts uhttp://www.ojcmt.net/ c310979d310979 001040aCLbCLd2017-02-21l0r2017-02-21 00:00:00w2017-02-21yFOJ